| 000 | 00837nam a2200229Ia 4500 | ||
|---|---|---|---|
| 003 | CO-CtgCURN | ||
| 005 | 20250407183631.0 | ||
| 008 | 190723s9999 xx 000 0 und d | ||
| 020 | _a9589333559 | ||
| 040 |
_aCO-CtgCURN _bspa _ccoctgcurn |
||
| 082 |
_a346.029 _bE77e |
||
| 100 | _aEspitia Garzon, Fabio | ||
| 245 | 0 |
_aLa extincion del derecho de dominio : _bacorde con el nuevo código penal y la ley 793 de 2002 / _cFabio Espitia Garzon |
|
| 260 |
_aBogotá, Colombia : _bGrupo Editorial Ibañez, _c2003 |
||
| 300 |
_a126 páginas ; _c19 centímetros |
||
| 521 | _aAREA PROFESIONAL | ||
| 590 | _aPrograma de Derecho_18 | ||
| 650 | _aEnriquecimiento ilicito | ||
| 650 | _aPrescripción (Derecho penal) | ||
| 942 |
_cBK _h346.029 _iE77e _2ddc _n0 |
||
| 999 |
_c29215 _d29215 |
||